| 000 | 02158nam a2200253Ia 4500 | ||
|---|---|---|---|
| 005 | 20190213145823.0 | ||
| 008 | 130821s1666 ck fr 1 0 mulsd | ||
| 040 |
_aCo-BoUCM _bspa _cSandra Yazo _dSandra Yazo |
||
| 041 | 0 |
_aspa _alat |
|
| 082 | 0 | 4 |
_a378.1011 _220 |
| 092 | _aE35N070 | ||
| 100 | 1 |
_929695 _aTorres, Cristóbal de _cArzobispo _d1573-1654 |
|
| 245 | 1 | 0 |
_aConstituciones del Colegio Mayor de Nuestra Señora del Rosario, _ben la ciudad de Santa Fé de Bogotá _checha y ajustadas por ... Fr. Christoval de Toores |
| 260 |
_aMadrid (España) _bJuan Noguês _c1666 |
||
| 300 | _a14, [1] folios ; 112, [8] páginas | ||
| 500 | _aDetalles físico: Incluye dos obras en el volumen. Encuadernación flexible en pergamino. Tapas con manchas, arrugas, bordes deteriorados. Ejemplar sin guardas. Portada impresa en una sola tinta con una orla decorativa, restauraciones anteriores y con varias anotaciones manuscritas. Mayúsculas capitales. Remate. Dedicatoria. Licencia. Texto en una sola columna. Segunda obra en latín, algunas apostillas marginales. Papel muy manchado, varias hojas sueltas. Inscripciones, rayones y anotaciones manuscritas en toda la obra. Ej.2 Encuadernación rígida (holandesa con punteras) en cartón forrado en papel. Lomo en cuero y adornos en dorado. Ejemplar en buen estado de conservación, cortes pintados. Ej.3 Incluye un grabado de página entera. Varias anotaciones en portadas, portada y la dedicatoria (en vitrina No.5) Ej.4 Encuadernación en pergamino, ejemplar mútilo. | ||
| 505 | 1 | _aConstituciones del colegio mayor de Nuestra señora del Rosario -- Constituciones por las cuales se dirige y gobierna el famoso Colegio de Santiago Zebedeo, que erigió en salamanca el ilustrísimo príncipe Alfonso de Fonseca y Acebedo, Arzobispo de Toledo | |
| 506 | _aConsulta en sala (Ej.3 en vitrina) | ||
| 610 | 2 |
_aUniversidad Colegio Mayor de Nuestra Señora del Rosario _xConstituciones _980644 |
|
| 650 | 7 |
_aEducación superior _9177 |
|
| 690 |
_aEducación superior _9177 |
||
| 856 | 4 | 8 |
_uhttp://repository.urosario.edu.co/handle/10336/2255 _z Disponible en línea |
| 942 |
_cLIBRO _a1 _e1 _2LOCAL _hE35N070 |
||
| 999 |
_c301257 _d301257 |
||